Patalogía oral y maxilofacial contemporánea

Kaydedildi:
Detaylı Bibliyografya
Asıl Yazarlar: Sapp, J. Philip (Yazar), Eversole, Lewis R (Yazar), Wysocki, George P (Yazar)
Materyal Türü: Kitap
Dil:İspanyolca
Baskı/Yayın Bilgisi: Barcelona Elsevier 2005
Konular:
Etiketler: Etiketle
Etiket eklenmemiş, İlk siz ekleyin!

MARC

LEADER 00000nam a2200000 a 4500
001 UCH0776
003 CL-VaPUC
008 090326e20050000SP |||||||||||||||||spa|d
020 |a 9788481747898 
082 0 4 |a 616.31  |b SAP  |2 21 
100 0 |a Sapp, J. Philip  |e author  |9 535111 
700 0 |a Eversole, Lewis R  |e author  |9 535112 
700 0 |a Wysocki, George P  |e author  |9 535113 
245 1 0 |a Patalogía oral y maxilofacial contemporánea 
300 |a 450 p 
942 |c BK 
945 |d 20090326 00:00:00  |a rbrito 
260 |a Barcelona  |b Elsevier  |c 2005 
650 7 |a PATOLOGIA ORAL  |2 CL-VaPUC  |9 535114 
650 7 |a ENFERMEDADES BUCALES  |2 CL-VaPUC  |9 535115 
650 7 |a LESIONES  |2 CL-VaPUC  |9 341963 
650 7 |a DIENTES  |2 CL-VaPUC  |9 352273 
650 7 |a INFECCIONES BUCALES  |2 CL-VaPUC  |9 535116 
583 |a last modification  |c 20140403 05:46:32  |k Rodrigo Vera 
999 |c 333019  |d 333017 
952 |0 0  |1 0  |4 0  |6 616_310000000000000_SAP_2005  |7 0  |8 A  |9 421136  |a BIBCUR  |b BIBCUR  |d 2019-11-22  |i 4524039  |o 616.31 SAP 2005  |p 4524039  |r 2025-04-22  |w 2019-11-22  |y BK  |k KIN